书目信息 |
| 题名: |
领导者科学思维观
|
|
| 作者: | 袁贵仁 主编 | |
| 分册: | ||
| 出版信息: | 北京 中共中央党校出版社 2005.09 |
|
| 页数: | 313页 | |
| 开本: | 21cm | |
| 丛书名: | ||
| 单 册: | ||
| 中图分类: | C933 | |
| 科图分类: | ||
| 主题词: | 领导思维学--ling dao si wei xue | |
| 电子资源: | ||
| ISBN: | 7-5035-3152-5 | |
| 000 | 00798nam0 2200217 450 | |
| 001 | 012007047438 | |
| 005 | 20071009090221.84 | |
| 010 | @a7-5035-3152-5@dCNY22.00 | |
| 100 | @a20070726d2005 km y0chiy0120 ea | |
| 101 | 0 | @achi |
| 102 | @aCN@b110000 | |
| 105 | @ay z 000yy | |
| 200 | 1 | @a领导者科学思维观@Aling dao zhe ke xue si wei guan@f袁贵仁主编@Fyuan gui ren zhu bian |
| 210 | @a北京@c中共中央党校出版社@d2005.09 | |
| 215 | @a313页@d21cm | |
| 330 | @a本书从领导者应该树立科学的思维观入手,以战略学的角度和视野,分别阐述了领导者的六种思维模式,探讨了科学思维与领导者的修养,以及领导者应具备科学分析决策和解决问题的素质和能力等问题。 | |
| 606 | 0 | @a领导思维学@Aling dao si wei xue |
| 690 | @aC933@v4 | |
| 701 | 0 | @a袁贵仁@Ayuan gui ren@4主编 |
| 801 | 0 | @aCN@c20071009 |
| 905 | @dC933@eY895 | |
| 领导者科学思维观/袁贵仁主编.-北京:中共中央党校出版社,2005.09 |
| 313页;21cm |
| ISBN 7-5035-3152-5:CNY22.00 |
| 本书从领导者应该树立科学的思维观入手,以战略学的角度和视野,分别阐述了领导者的六种思维模式,探讨了科学思维与领导者的修养,以及领导者应具备科学分析决策和解决问题的素质和能力等问题。 |
| ● |
| 相关链接 |
|
|
|
正题名:领导者科学思维观
索取号:C933/Y895
 
预约/预借
| 序号 | 登录号 | 条形码 | 馆藏地/架位号 | 状态 | 备注 |
| 1 | 250077 | 202500775 | 社科库509/509社科库 65排6列5层/ [索取号:C933/Y895] | 在馆 | |
| 2 | 250078 | 202500784 | 社科库509/509社科库 65排6列5层/ [索取号:C933/Y895] | 在馆 | |
| 3 | 250079 | 202500793 | 社科库509/509社科库 65排6列5层/ [索取号:C933/Y895] | 在馆 |